| 000 | 00678cam a22002173a 4500 | ||
|---|---|---|---|
| 001 | 45214 | ||
| 003 | PGUSA | ||
| 005 | 20140828084032.0 | ||
| 008 | 140325s2014||||xxu|||||s|||||000 | eng d | ||
| 040 |
_aPGUSA _beng |
||
| 042 | _adc | ||
| 100 | 1 |
_aHoughton, Louise Seymour, _d1838-1920 |
|
| 245 | 1 | 4 |
_aThe Russian Grandmother's Wonder Tales _h[electronic resource] / _cLouise Seymour Houghton |
| 260 |
_bProject Gutenberg, _c2014 |
||
| 506 | _aPublic domain in the USA. | ||
| 516 | _aElectronic text | ||
| 700 | 1 |
_aBenda, Wladyslaw T. _q(Wladyslaw Theodore), _d1873-1948 |
|
| 830 | 0 |
_aProject Gutenberg _v45214 |
|
| 856 | 4 | 0 | _uhttp://www.gutenberg.org/ebooks/45214 |
| 942 | _cEB | ||
| 999 |
_c274465 _d274465 |
||